Guinea : Request For A Three-Year Arrangement Under The Extended Credit Facility-Press Release; Staff Report; and Statement by the Executive Director for Guinea.

This paper discusses Guinea's Request for a Three-Year Arrangement Under the Extended Credit Facility (ECF). The Guinean economy has rebounded from the adverse impact of the Ebola epidemic, and growth is expected to continue to be sustained supported by buoyant mining activity and the scaling-u...

Ful tanımlama

Detaylı Bibliyografya
Müşterek Yazar: International Monetary Fund. African Dept
Materyal Türü: Dergi
Dil:English
Baskı/Yayın Bilgisi: Washington, D.C. : International Monetary Fund, 2017.
Seri Bilgileri:IMF Staff Country Reports; Country Report ; No. 2017/387
Online Erişim:Full text available on IMF
LEADER 01798cas a2200241 a 4500
001 AALejournalIMF018142
008 230101c9999 xx r poo 0 0eng d
020 |c 5.00 USD 
020 |z 9781484333914 
022 |a 1934-7685 
040 |a BD-DhAAL  |c BD-DhAAL 
110 2 |a International Monetary Fund.  |b African Dept. 
245 1 0 |a Guinea :   |b Request For A Three-Year Arrangement Under The Extended Credit Facility-Press Release; Staff Report; and Statement by the Executive Director for Guinea. 
264 1 |a Washington, D.C. :  |b International Monetary Fund,  |c 2017. 
300 |a 1 online resource (144 pages) 
490 1 |a IMF Staff Country Reports 
500 |a <strong>Off-Campus Access:</strong> No User ID or Password Required 
500 |a <strong>On-Campus Access:</strong> No User ID or Password Required 
506 |a Electronic access restricted to authorized BRAC University faculty, staff and students 
520 3 |a This paper discusses Guinea's Request for a Three-Year Arrangement Under the Extended Credit Facility (ECF). The Guinean economy has rebounded from the adverse impact of the Ebola epidemic, and growth is expected to continue to be sustained supported by buoyant mining activity and the scaling-up of infrastructure investments. The three-year ECF arrangement will help Guinea address a protracted balance of payment need and implement economic policies and reforms to foster higher and broad-based growth. The program will also play a catalytic role in mobilizing donor financing, notably from the World Bank and the European Union. 
538 |a Mode of access: Internet 
830 0 |a IMF Staff Country Reports; Country Report ;  |v No. 2017/387 
856 4 0 |z Full text available on IMF  |u http://elibrary.imf.org/view/journals/002/2017/387/002.2017.issue-387-en.xml  |z IMF e-Library